00335 2200145 4500001002100000005001500021035002000036245003400056100002000090300001200110260003300122082000800155084001400163990001200177INLIS00000000000197420250523111504 a0010-05250002661 aBumi Murka /cEllen J. Prager0 aEllen J. Prager a234 hlm aJakarta :bPakar Raya,c2006 a550 a550 ELL b a0713508